000 00366pab a2200145 454500
008 180718b1998 xxu||||| |||| 00| 0 eng d
100 _aRoychowdhury, K.C.
245 _aTiger or tortoise: India's economic reforms
260 _c1998
300 _ap.357-69
362 _aJan
650 _aEconomic reform
773 _aIndian Journal of Economics
909 _a38012
999 _c38012
_d38012